Làm mẹ
Gespeichert in:
| 1. Verfasser: | |
|---|---|
| Format: | Buch |
| Sprache: | Undetermined |
| Veröffentlicht: |
Hà Nội
Phụ nữ
1976
|
| Schlagworte: | |
| Tags: |
Tag hinzufügen
Keine Tags, Fügen Sie den ersten Tag hinzu!
|
| Thư viện lưu trữ: | Trung tâm Học liệu Trường Đại học Cần Thơ |
|---|
| LEADER | 00458nam a2200169Ia 4500 | ||
|---|---|---|---|
| 001 | CTU_6124 | ||
| 008 | 210402s9999 xx 000 0 und d | ||
| 082 | |a 372 | ||
| 082 | |b M235 | ||
| 100 | |a Klava Makhova | ||
| 245 | 0 | |a Làm mẹ | |
| 245 | 0 | |c Klava Makhova, Trần Nam Huân, Hiền Khang | |
| 260 | |a Hà Nội | ||
| 260 | |b Phụ nữ | ||
| 260 | |c 1976 | ||
| 650 | |a home education | ||
| 980 | |a Trung tâm Học liệu Trường Đại học Cần Thơ | ||